Capital City Trivia Chain - Statistics

General Stats
  • This quiz has been taken 29 times
  • The average score is 11 of 22
Answer Stats
Country Hint Capital City % Correct
This country is surrounded on all sides by Italy. San Marino
88%
“Gangnam Style” originated in this country's capital. Seoul
85%
This country's capital is Europe’s oldest and the home of the world's first known democracy. Athens
81%
In 2015 the UN named this country the best place to live in the world. Oslo
73%
This country's Arabic name is al-Magrib al-Aqsa, which means “the extreme west”. Rabat
65%
The only mamal native to this country is the Arctic Fox. Reykjavik
65%
This country is the smallest in Central America. San Salvador
65%
Its capital city is the world's coldest (-1.7C (29.7F) . Ulaanbaatar
62%
This country is bordered by Chad to the north, Sudan to the northeast, South Sudan to the east, Democratic Republic of the Congo and the Republic of the Congo to the south and Cameroon to the west. Bangui
54%
This country's name means ‘land of the pure’ in Persian and Urdu. Islamabad
54%
Before 1984 this African country was named Upper Volta. Ouagadougou
54%
The official title of this country's king is “Custodian of the Two Holy Mosques.” Riyadh
54%
Its capital has been dubbed the oldest continuously occupied city in the world. Damascus
50%
This country's culture is a complex adaptation of Chinese, Japanese, French and American colonial influences. Hanoi
50%
Its capital was founded in 1857 by Chinese tin miners. Kuala Lumpur
38%
Its capital city is only one of two in the world that DOES NOT have a Mcdonalds. Tirana
38%
The people of this country want "goat grabbing" to be an olympic sport. Kabul
35%
This country is credited with inventing the neck tie. Zagreb
27%
Its national animal is the Fennec Fox. Algiers
23%
This country produces 70% of the world's Brazil nuts. Its not Brazil. La Paz
23%
This country has no national bank and has never had its own currency. Andorra la Vella
19%
The oldest wheel ever excavated was found in this country. Ljubljana
19%
No matching quizzes found
Score Distribution
Percent of People with Each Score
Percentile by Number Answered
Your Score History
You have not taken this quiz